01523nam a2200385Ia 4500001001200000003000800012006001900020007001500039008004100054010001700095020002900112020001800141040002100159035002100180050002300201082001200224100002300236245013000259250001200389260004100401300002900442500012300471504005100594533015200645650002600797650001600823650001500839655002900854700002400883700002200907710001700929730004800946856012600994999001701120ebr10607328CaPaEBRm u cr cn|||||||||120611s2012 iaua sb 001 0 eng d z 2012017574 z9780470963050 (hardback) z9781118459768 aCaPaEBRcCaPaEBR a(OCoLC)81291159914aTC409b.H93 2012eb04a6272231 aBrooks, Kenneth N.10aHydrology and the management of watershedsh[electronic resource] /cKenneth N. Brooks, Peter F. Ffolliott, Joseph A. Magner. a4th ed. aAmes, Ia. :bWiley-Blackwell,c2012. axv, 533, [12] p. :bill. aRev. ed. of: Hydrology and the management of watersheds / Kenneth N. Brooks, et al. Iowa State University Press, 2003. aIncludes bibliographical references and index. aElectronic reproduction.bPalo Alto, Calif. :cebrary,d2011.nAvailable via World Wide Web.nAccess may be limited to ebrary affiliated libraries. 0aWatershed management. 0aWatersheds. 0aHydrology. 7aElectronic books.2local1 aFfolliott, Peter F.1 aMagner, Joseph A.2 aebrary, Inc.0 aHydrology and the management of watersheds.40uhttp://site.ebrary.com/lib/rucke/Doc?id=10607328zAn electronic book accessible through the World Wide Web; click to view c97749d97749